000 00368nam a22001217a 4500
008 230621b xxu||||| |||| 00| 0 eng d
082 _a328.69
_bMNA
100 _cAuthority of National Assembly
245 _aStanding Orders and Rules of the National Assembly 1995
260 _aMauritius
_bBy Authority of the National Assembly
_c1995
300 _a48p
942 _2ddc
_cBK
999 _c2175
_d2175